000
00318nam a22001337a 4500
008
170808b xxu||||| |||| 00| 0 eng d
020
_a
9780130159205
041
_a
eng
080
_2
2ND
_a
004
100
_a
34
101
_a
SHKI
245
_a
OBJECT-ORIENTED MODELING AND DESIGN WITH UML
_c
BLAHA, M
942
_2
udc
_c
BK
999
_c
22882
_d
22882